[Event "COL-ch U2000"]
[Site "Pereira"]
[Date "2022.02.19"]
[Round "7"]
[White "Franco, Jhonier"]
[Black "Bermudez Zamboni, Paulo Andres"]
[Result "1-0"]
[WhiteElo "1851"]
[BlackElo "1780"]
[PlyCount "83"]
[EventDate "2022.02.16"]
[EventType "swiss"]
[EventRounds "9"]
[EventCountry "COL"]
[SourceTitle "CBM 207 Extra"]
[Source "ChessBase"]
[SourceDate "2022.05.31"]
[SourceVersion "1"]
[SourceVersionDate "2022.05.31"]
[SourceQuality "1"]

1. d4 Nf6 2. Nf3 d5 3. Bf4 e6 4. c3 c5 5. e3 Bd6 6. Bxd6 Qxd6 7. Ne5 0-0 8. Nd2 cxd4 9. exd4 Nc6 10. f4 Nd7 11. Bd3 Ncxe5 12. fxe5 Qe7 13. Qh5 g6 14. Qh6 f6 15. Nf3 fxe5 16. dxe5 Rxf3 17. gxf3 Nxe5 18. Be2 Nf7 19. Qf4 e5 20. Qg3 Bf5 21. h4 d4 22. h5 e4 23. hxg6 Bxg6 24. f4 Nd6 25. cxd4 Nf5 26. Bc4+ Kf8 27. Qc3 Rc8 28. a4 Nd6 29. b3 b5 30. f5 Bxf5 31. axb5 Nxb5 32. Qe3 Nd6 33. Qh6+ Ke8 34. 0-0 Rc7 35. Ra6 Bg6 36. Bd5 Nf5 37. Qf4 Nxd4 38. Kh1 Qc5 39. Rd6 Nf3 40. Rxf3 exf3 41. Qe5+ Kf8 42. Rd8+ 1-0

[Event "COL-ch U2000"]
[Site "Pereira"]
[Date "2022.02.17"]
[Round "2"]
[White "Bermudez Zamboni, Paulo Andres"]
[Black "Zuluaga, Nicolas"]
[Result "1/2-1/2"]
[WhiteElo "1780"]
[BlackElo "1691"]
[PlyCount "134"]
[EventDate "2022.02.16"]
[EventType "swiss"]
[EventRounds "9"]
[EventCountry "COL"]
[SourceTitle "CBM 207 Extra"]
[Source "ChessBase"]
[SourceDate "2022.05.31"]
[SourceVersion "1"]
[SourceVersionDate "2022.05.31"]
[SourceQuality "1"]

1. e4 d5 2. exd5 Qxd5 3. Nc3 Qa5 4. Bc4 Nf6 5. d3 Bg4 6. f3 Bf5 7. Nge2 c6 8. Bd2 Qb6 9. Bb3 e6 10. Ng3 Bg6 11. Qe2 Be7 12. Be3 Qc7 13. d4 Nd5 14. Nxd5 cxd5 15. c3 Nc6 16. 0-0 a6 17. Rfe1 0-0 18. Bf2 Rfe8 19. Bc2 Bxc2 20. Qxc2 Rac8 21. Qe2 Na5 22. Nf1 Nc4 23. Qc2 Qb6 24. Rab1 Bg5 25. Qb3 Qc7 26. g3 Nd6 27. Be3 Bxe3+ 28. Nxe3 b5 29. Re2 Nc4 30. Rbe1 h5 31. Kg2 Qc6 32. Qc2 Nxe3+ 33. Rxe3 Re7 34. Re5 g6 35. Qd2 Kg7 36. f4 Rec7 37. Qe3 Qc4 38. a3 Qa2 39. Re2 Qc4 40. Rf2 a5 41. f5 exf5 42. Rfxf5 Qc6 43. Rf2 Qd6 44. Qf3 Rd7 45. Rfe2 Qf6 46. Qe3 Qd6 47. Re7 Rxe7 48. Qxe7 Qxe7 49. Rxe7 b4 50. axb4 axb4 51. Re3 f5 52. Kf3 bxc3 53. bxc3 Kf6 54. h4 Ra8 55. Ke2 g5 56. Kd3 Ra6 57. Re8 gxh4 58. gxh4 Rd6 59. Rf8+ Kg6 60. Rg8+ Kh6 61. Rg5 Rf6 62. c4 dxc4+ 63. Kxc4 f4 64. Kc5 f3 65. Rg1 f2 66. Rf1 Kg6 67. Kd5 Kf7 1/2-1/2

[Event "COL-ch U2000"]
[Site "Pereira"]
[Date "2022.02.17"]
[Round "3"]
[White "Vargas Diaz, David Alejandro"]
[Black "Bermudez Zamboni, Paulo Andres"]
[Result "0-1"]
[WhiteElo "1843"]
[BlackElo "1780"]
[PlyCount "110"]
[EventDate "2022.02.16"]
[EventType "swiss"]
[EventRounds "9"]
[EventCountry "COL"]
[SourceTitle "CBM 207 Extra"]
[Source "ChessBase"]
[SourceDate "2022.05.31"]
[SourceVersion "1"]
[SourceVersionDate "2022.05.31"]
[SourceQuality "1"]

1. c4 Nf6 2. Nc3 c5 3. e3 Nc6 4. a3 d5 5. cxd5 Nxd5 6. Qc2 Nxc3 7. bxc3 e5 8. c4 g6 9. Bb2 Bg7 10. Nf3 Qe7 11. Be2 0-0 12. d3 Bf5 13. Nd2 Rfd8 14. Ne4 Rd7 15. 0-0 Rad8 16. Rad1 b6 17. Bc3 Be6 18. Bb2 f5 19. Nc3 h6 20. Bf3 e4 21. dxe4 Bxc4 22. Nd5 Bxd5 23. exd5 Ne5 24. Bxe5 Bxe5 25. Qc4 Qd6 26. g3 Kg7 27. Bg2 Ra8 28. f4 Bf6 29. Rfe1 Re8 30. e4 fxe4 31. Rxe4 Rxe4 32. Bxe4 Re7 33. Bc2 Bb2 34. Kf1 Re3 35. Re1 Qe7 36. Be4 b5 37. Qc2 Rxe1+ 38. Kxe1 Bxa3 39. Kf2 Qf6 40. d6 Qxd6 41. Bxg6 c4 42. f5 Bc5+ 43. Kg2 Qd5+ 44. Kh3 b4 45. Qe2 c3 46. Qg4 Qd4 47. Qf3 Be7 48. Qb7 Qf6 49. Qxa7 c2 50. Qc7 b3 51. g4 Qh4+ 52. Kg2 Qxg4+ 53. Kf2 Qd4+ 54. Kg2 Qd5+ 55. Kh3 Qf3+ 0-1